000 004290000a22001810004500
003 MACL
005 20151129171620.0
008 151129b xxu||||| |||| 00| 0 eng d
040 _aMACL
_cMACL
041 _aEnglish
082 _a741-642
100 _aGupta, Arvind
_97761
245 _aLittle Toys
260 _bNational Book Trust
_c2001
350 _a20
650 _aChildrens Book
_97875
942 _cBK
_k741.642/GUP
_2ddc
999 _c42800
_d42800